000 00571nam a2200193 4500
001 21524
005 20230410130729.0
008 060907n2004 dr spa
020 _a987208194
035 _9funglode21683
041 _aES
050 1 4 _aPN 5006 R8214s 2004
100 _aRé, Carlos Alejandro
245 1 _aSesenta años en el periodismo :
_bentre la bohemia, periodistas, policías y ladrones /
_cCarlos Alejandro Ré
260 _aBuenos Aires :
_bDeldragón,
_c2004
300 _a273 p.
440 _aBiografía Deldragón
942 _2lcc
_cbk
999 _c79378
_d79378